Trade, labour and convergence between Australia and China

Enregistré dans:
Détails bibliographiques
Auteur principal: Karunaratne, Neil Dias
Format: Livre
Langue:anglais
Publié: Brisbane The University of Queensland 1998
Collection:Discussion papers Discussion paper No. 248
Sujets:
Tags: Ajouter un tag
Pas de tags, Soyez le premier à ajouter un tag!

MARC

LEADER 00000nam a2200000 4500
001 c110331
005 20221221083808.1
022 |a 1033-4661 
041 0 |a eng 
044 |a AU 
245 1 0 |a Trade, labour and convergence between Australia and China  |c Neil Dias Karunaratne 
264 1 |a Brisbane  |b The University of Queensland  |c 1998 
300 |a 13 s. 
490 1 |a Discussion papers  |v Discussion paper No. 248 
830 0 |a Discussion papers  |v Discussion paper No. 248 
610 2 0 |a obchod 
610 2 0 |a liberalizácia 
610 2 0 |a práca 
610 2 0 |a paradigma 
610 2 0 |a trh práce 
610 2 0 |a teória obchodu 
610 2 0 |a neoklasicizmus 
610 2 0 |a politika obchodná 
610 2 0 |a Austrália 
610 2 0 |a Čína 
100 1 |a Karunaratne, Neil Dias